000 00693nam a22001697a 4500
999 _c60896
_d60896
005 20231115125118.0
008 231115s1980 ru ||||| |||| 00| 0 rus d
041 _arus
080 _a91(09) Д-49
100 _aДитмар, А. Б.
_920392
245 _aГеография в античное время :
_b(Очерки развития физико-географических идей) /
_cА. Б. Дитмар.
264 _aМ.:
_bМысль,
_c1980.
300 _a148 с.
_bил.;
_c22 см.
653 _aგეოგრაფია ძველ დროში
653 _aფიზიკურ-გეოგრაფიული იდეები
942 _2udc
_cᲬᲘᲒᲜᲘ